Bayer 04 Leverkusen Meister Quiz #7 - Statistiken

Allgemein
  • Dieses Quiz wurde 46 mal gespielt
  • Das Durchschnittsergebnis liegt bei 3 aus 5
Antwortstatistiken
GT Fußball-Club % Korrekt
1* Borussia Dortmund
73%
0 Borussia Mönchengladbach
69%
1 VfB Stuttgart
69%
1 FC Augsburg
42%
1 1. FC Union Berlin
23%
Keine übereinstimmenden Quizze gefunden
Verteilung der Resultate
Anzahl Personen mit jedem Resultat
Perzentil nach korrekt beantworteten Fragen
Ihre Resultats-Entwicklung
Sie haben dieses Quiz noch nicht gespielt